Parallel thinking from socratic thinking to De Bono thinking

Bibliographic Details
Main Author: De Bono, Edward
Format: Book
Published: London : Penguin Books , 1995
Subjects:

MARC

LEADER 00000cam a2200000 7i4500
001 0000005683
005 20070608.0
020 |a 0140230769 
040 |a INS 
090 0 0 |a BF441.   |b D2781 1995 
100 0 |a De Bono, Edward 
245 0 0 |a Parallel thinking from socratic thinking to De Bono thinking   |c Edward De Bono 
260 |a London :   |b Penguin Books ,   |c 1995 
300 |a 228p. 
650 0 0 |a Problem solving 
650 0 0 |a Thought and thinking 
999 |a 0000006466   |b BOOK   |c Open Shelf   |e Default branch 
999 |a 0000018701   |b BOOK   |c Open Shelf   |e Default branch 
999 |a 0000018702   |b BOOK   |c Open Shelf   |e Default branch 
999 |a 0000018751   |b BOOK   |c Open Shelf   |e Default branch